000 01242nam a2200301 i 4500
001 000045484
003 DO-SdBNP
005 20231204100301.0
007 ta
008 150409s2002 dr abc 000 0 spa d
040 _aDO-SdBNP
_bspa
_cBNPHU
_erda
082 _bH557
_222
100 _aHernández Tejada, Margarita
_950027
245 1 0 _a¡Convivir! 3 :
_bformación en valores y civismo, nivel medio /
_cMargarita Hernández Tejada, José Miguel Simón Consuegra ; ilustraciones y fotografías Julio César Martínez, Wermer Olmos.
264 1 _aSanto Domingo :
_bSusaeta,
_c2002.
300 _a134 páginas
_bilustraciones, mapas, retratos
_c28 cm.
336 _2rdacontent
_atexto
_btxt
337 _2rdamedia
_asin mediación
_bn
338 _2rdacarrier
_avolumen
_bnc
504 _aBibliografía : p. 133-134
505 0 _tUnidad 1
_tLa constitución dominicana --
_gUnidad 2
_tEl estado dominicano --
_gUnidad 3
_tRelación de la convivencia en la comunidad y sus instancias --
590 _aInventariado, 2023/ YL
700 1 2 _aConsuegra, José Miguel Simón
_973535
_eautor.
700 1 2 _aMartínez, Julio César,
_eilustraciones
_91263
700 1 2 _aOlmos, Wermer,
_eilustraciones
_973534
910 _aYLockward
942 _2ddc
_cLBS1
999 _c44973
_d44973